[Event "SE-2015-0-00202"]
[Site "LSS email"]
[Date "2015.06.15"]
[Round "?"]
[White "Lonyuk, Bohdan"]
[Black "Callens, Noel"]
[Result "1-0"]
[WhiteElo "1227"]
[BlackElo "1253"]
[PlyCount "71"]
[EventDate "2015.04.06"]
[EventType "tourn (corr)"]
[EventRounds "6"]
[EventCountry "GER"]
[SourceTitle "Corr 2022"]
[Source "ChessBase"]
[SourceDate "2021.10.24"]
[SourceVersion "1"]
[SourceVersionDate "2021.10.24"]
[SourceQuality "1"]

1. e4 e5 2. Nf3 Nf6 3. Nxe5 d6 4. Nf3 Nxe4 5. c4 Bg4 6. d4 Be7 7. h3 Bh5 8. Bd3 d5 9. 0-0 0-0 10. Nc3 Nxc3 11. bxc3 c5 12. Bxh7+ Kxh7 13. Ng5+ Bxg5 14. Qxh5+ Kg8 15. Bxg5 f6 16. Be3 cxd4 17. cxd4 dxc4 18. Rfc1 Qc7 19. Qd5+ Rf7 20. Rxc4 Qd7 21. Qxd7 Nxd7 22. Rac1 Nb6 23. Rc7 Nd5 24. Rc8+ Rxc8 25. Rxc8+ Kh7 26. Rd8 Nc3 27. a3 b5 28. d5 Nb1 29. Bc5 a5 30. d6 Kg6 31. Rc8 Rd7 32. Rc7 Rd8 33. d7 Nxa3 34. Be7 b4 35. Bxd8 b3 36. Rb7 1-0

[Event "LSS No Engine Cup 129 Preliminary 0"]
[Site "LSS email"]
[Date "2015.04.09"]
[Round "?"]
[White "Callens, Noel"]
[Black "Kharchuk, Yurij"]
[Result "0-1"]
[WhiteElo "1600"]
[BlackElo "1906"]
[PlyCount "34"]
[EventDate "2015.04.10"]
[EventType "tourn (corr)"]
[EventRounds "6"]
[EventCountry "GER"]
[SourceTitle "Corr 2022"]
[Source "ChessBase"]
[SourceDate "2021.10.24"]
[SourceVersion "1"]
[SourceVersionDate "2021.10.24"]
[SourceQuality "1"]

1. d4 d5 2. c4 e6 3. Nc3 Nf6 4. Qc2 Be7 5. Bg5 0-0 6. Nf3 h6 7. Bh4 Nbd7 8. e4 Nxe4 9. Bxe7 Qxe7 10. Nxe4 dxe4 11. Qxe4 Qb4+ 12. Nd2 Qxb2 13. Nb3 Qc3+ 14. Kd1 Nf6 15. Qh4 e5 16. dxe5 Rd8+ 17. Ke2 Qxe5+ 0-1

[Event "LSS No Engine Cup 129 Preliminary 0"]
[Site "LSS email"]
[Date "2015.04.09"]
[Round "?"]
[White "Garcia, Javier"]
[Black "Callens, Noel"]
[Result "0-1"]
[WhiteElo "1007"]
[BlackElo "1600"]
[PlyCount "94"]
[EventDate "2015.04.10"]
[EventType "tourn (corr)"]
[EventRounds "6"]
[EventCountry "GER"]
[SourceTitle "Corr 2022"]
[Source "ChessBase"]
[SourceDate "2021.10.24"]
[SourceVersion "1"]
[SourceVersionDate "2021.10.24"]
[SourceQuality "1"]

1. d4 d5 2. c4 e5 3. dxe5 Bb4+ 4. Nc3 d4 5. a3 dxc3 6. axb4 Qxd1+ 7. Kxd1 cxb2 8. Bxb2 Be6 9. c5 Nc6 10. Bc3 Nge7 11. e3 Nd5 12. Bd2 0-0 13. b5 Nce7 14. Nf3 c6 15. bxc6 Nxc6 16. Bc4 Nc3+ 17. Bxc3 Bxc4 18. Kc2 b6 19. cxb6 axb6 20. Rxa8 Rxa8 21. Rb1 b5 22. Ra1 Rb8 23. Ra6 Ne7 24. Ra7 Kf8 25. Bb4 Re8 26. Nd4 Bd5 27. Nf5 Be4+ 28. Kd2 Bxf5 29. f4 Be4 30. g3 f5 31. Ra5 Kf7 32. Rxb5 Rd8+ 33. Ke1 Nd5 34. Rb7+ Ke8 35. Ba5 Ra8 36. Bd2 Ra1+ 37. Kf2 Rh1 38. Rb8+ Kf7 39. Rb7+ Kg6 40. Rd7 Rxh2+ 41. Ke1 Rg2 42. Rd6+ Kh5 43. e6 Rxg3 44. e7 Nxe7 45. Re6 Nd5 46. Re8 Kg4 47. Rg8 Kf3 0-1

[Event "LSS No Engine Cup 129 Preliminary 0"]
[Site "LSS email"]
[Date "2015.04.09"]
[Round "?"]
[White "Jenneborg, Seved"]
[Black "Callens, Noel"]
[Result "1-0"]
[WhiteElo "2022"]
[BlackElo "1600"]
[PlyCount "71"]
[EventDate "2015.04.10"]
[EventType "tourn (corr)"]
[EventRounds "6"]
[EventCountry "GER"]
[SourceTitle "Corr 2022"]
[Source "ChessBase"]
[SourceDate "2021.10.24"]
[SourceVersion "1"]
[SourceVersionDate "2021.10.24"]
[SourceQuality "1"]

1. e4 e5 2. Nf3 Nf6 3. d4 d5 4. Nxe5 dxe4 5. Bc4 Be6 6. Bxe6 fxe6 7. 0-0 Be7 8. Nc3 Nc6 9. Nxc6 bxc6 10. Re1 Bb4 11. Bg5 Bxc3 12. bxc3 0-0 13. Rxe4 h6 14. Bxf6 Qxf6 15. Qe2 Rae8 16. Re5 Rf7 17. Re1 Rfe7 18. f4 Qf8 19. f5 Qf7 20. h3 g6 21. fxe6 Qh7 22. Rf1 Rf8 23. Rxf8+ Kxf8 24. Qa6 g5 25. Qc8+ Kg7 26. Qd8 Kg6 27. Qf8 a5 28. g4 a4 29. Kh2 a3 30. Kg2 c5 31. d5 c4 32. Kh1 h5 33. h4 gxh4 34. g5 Rf7 35. exf7 Qxf7 36. Qh6# 1-0

[Event "SD-2015-0-00212"]
[Site "LSS email"]
[Date "2015.01.25"]
[Round "?"]
[White "Callens, Noel"]
[Black "Van der Meer, Heine"]
[Result "0-1"]
[WhiteElo "1450"]
[BlackElo "1584"]
[PlyCount "68"]
[EventDate "2014.12.14"]
[EventType "tourn (corr)"]
[EventRounds "6"]
[EventCountry "GER"]
[SourceTitle "Corr 2022"]
[Source "ChessBase"]
[SourceDate "2021.10.24"]
[SourceVersion "1"]
[SourceVersionDate "2021.10.24"]
[SourceQuality "1"]

1. d4 d5 2. c4 e6 3. Nc3 Nf6 4. Bd2 Be7 5. cxd5 exd5 6. e3 c6 7. Bd3 0-0 8. Nf3 Bg4 9. h3 Bh5 10. g4 Bg6 11. Qc2 Nbd7 12. 0-0-0 b5 13. Ne5 Bxd3 14. Qxd3 Nxe5 15. dxe5 Nd7 16. f4 Nc5 17. Qc2 b4 18. Nb1 Qb6 19. b3 a5 20. Be1 a4 21. Rd4 axb3 22. axb3 Ne6 23. f5 Nxd4 24. exd4 Qxd4 25. f6 gxf6 26. exf6 Bxf6 27. Bd2 Ra5 28. Kd1 Ra1 29. Rf1 Bg5 30. Rf2 Qxf2 31. Bxg5 Qf1+ 32. Kd2 Rxb1 33. h4 Qe1+ 34. Kd3 Rd1+ 0-1

[Event "SD-2015-0-00212"]
[Site "LSS email"]
[Date "2015.01.22"]
[Round "?"]
[White "Callens, Noel"]
[Black "Jung, Jerzy"]
[Result "0-1"]
[WhiteElo "1450"]
[BlackElo "1400"]
[PlyCount "54"]
[EventDate "2014.12.14"]
[EventType "tourn (corr)"]
[EventRounds "6"]
[EventCountry "GER"]
[SourceTitle "Corr 2022"]
[Source "ChessBase"]
[SourceDate "2021.10.24"]
[SourceVersion "1"]
[SourceVersionDate "2021.10.24"]
[SourceQuality "1"]

1. d4 d5 2. c4 e6 3. Nc3 Nc6 4. Nf3 Nf6 5. Bg5 Bb4 6. Ne5 0-0 7. Nxc6 bxc6 8. a3 Bxc3+ 9. bxc3 h6 10. Bh4 a5 11. Rb1 Ba6 12. e3 dxc4 13. Qa4 Rb8 14. Rxb8 Qxb8 15. Bxf6 Qb1+ 16. Kd2 Rb8 17. Qd1 Qa2+ 18. Ke1 Rb1 19. Be7 Rxd1+ 20. Kxd1 Qb2 21. f4 Qxc3 22. Ke2 Qd3+ 23. Kf3 Qd1+ 24. Kf2 c3 25. g4 c2 26. Bg2 Qd2+ 27. Kg3 Qxe3+ 0-1

[Event "RD-2014-0-00108"]
[Site "LSS email"]
[Date "2014.12.04"]
[Round "?"]
[White "Callens, Noel"]
[Black "Courteille, Thierry"]
[Result "1-0"]
[WhiteElo "1298"]
[BlackElo "1264"]
[PlyCount "91"]
[EventDate "2014.06.15"]
[EventType "tourn (corr)"]
[EventRounds "6"]
[EventCountry "GER"]
[SourceTitle "Corr 2015"]
[Source "ChessBase"]
[SourceDate "2015.07.17"]
[SourceVersion "1"]
[SourceVersionDate "2015.07.17"]
[SourceQuality "1"]

1. d4 d5 2. c4 e6 3. Nc3 Nf6 4. cxd5 Nxd5 5. e4 Nxc3 6. bxc3 c5 7. Rb1 Nd7 8. Bb5 a6 9. Ba4 b5 10. Bc2 cxd4 11. cxd4 Qa5+ 12. Bd2 Qxa2 13. Ne2 Qc4 14. 0-0 Qc7 15. e5 Bb7 16. Bg5 b4 17. Ba4 Bd5 18. Nf4 Bc6 19. Rc1 Bxa4 20. Qxa4 Qb7 21. Nd3 h6 22. Bd2 a5 23. Nc5 Qd5 24. Nxd7 Qxd7 25. Qxd7+ Kxd7 26. Ra1 Be7 27. f4 Rhc8 28. Rfb1 Rc2 29. Be1 Kc6 30. h3 Kb5 31. Kh2 Rac8 32. Rd1 a4 33. d5 exd5 34. Rxd5+ R2c5 35. Rd4 Rc1 36. Rd5+ R8c5 37. Rxc1 b3 38. Rcxc5+ Bxc5 39. Bf2 b2 40. Rxc5+ Kb4 41. Rc8 a3 42. Rb8+ Kc3 43. Rc8+ Kb3 44. Bd4 Ka2 45. Bxb2 Kxb2 46. Ra8 1-0

[Event "OP-2014-0-03551"]
[Site "LSS email"]
[Date "2014.11.11"]
[Round "?"]
[White "Heiser, Jerome"]
[Black "Callens, Noel"]
[Result "0-1"]
[WhiteElo "656"]
[BlackElo "1298"]
[PlyCount "44"]
[EventDate "2014.11.05"]
[EventType "tourn (corr)"]
[EventRounds "4"]
[EventCountry "GER"]
[SourceTitle "Corr 2015"]
[Source "ChessBase"]
[SourceDate "2015.07.17"]
[SourceVersion "1"]
[SourceVersionDate "2015.07.17"]
[SourceQuality "1"]

1. e4 e5 2. Nf3 Nf6 3. Nc3 Nc6 4. d4 exd4 5. Nxd4 Bb4 6. f3 Bxc3+ 7. bxc3 0-0 8. Nxc6 bxc6 9. Bb2 Re8 10. Bd3 d5 11. 0-0 dxe4 12. fxe4 Bg4 13. Qd2 Rb8 14. Rab1 Be6 15. c4 Nxe4 16. Qa5 Nd6 17. Qxa7 Nxc4 18. Bxc4 Bxc4 19. Rf4 Rxb2 20. Rxb2 Qd1+ 21. Kf2 Qe1+ 22. Kf3 Be2# 0-1

[Event "OP-2014-0-03551"]
[Site "LSS email"]
[Date "2014.11.11"]
[Round "?"]
[White "Sandocal, Uzmir"]
[Black "Callens, Noel"]
[Result "1-0"]
[WhiteElo "1688"]
[BlackElo "1298"]
[PlyCount "61"]
[EventDate "2014.11.05"]
[EventType "tourn (corr)"]
[EventRounds "4"]
[EventCountry "GER"]
[SourceTitle "Corr 2015"]
[Source "ChessBase"]
[SourceDate "2015.07.17"]
[SourceVersion "1"]
[SourceVersionDate "2015.07.17"]
[SourceQuality "1"]

1. d4 f5 2. Bg5 Nf6 3. Bxf6 exf6 4. e3 c6 5. c4 Bb4+ 6. Nc3 0-0 7. Bd3 d5 8. Qb3 Bxc3+ 9. bxc3 Re8 10. cxd5 cxd5 11. Ne2 Qd6 12. 0-0 Be6 13. Qxb7 Nd7 14. Qb4 Qc7 15. Rfb1 Rab8 16. Qa4 Nf8 17. Nf4 Bf7 18. Bxf5 a5 19. Qa3 g6 20. Bg4 Rxb1+ 21. Rxb1 Rb8 22. Rxb8 Qxb8 23. h3 Qb5 24. Qd6 Kg7 25. Bf3 Qb1+ 26. Kh2 Qxa2 27. Bxd5 Bxd5 28. Nxd5 Qxf2 29. Qe7+ Kh6 30. Nxf6 a4 31. Qxf8+ 1-0